Direct Flights from India - Statistics

General Stats
  • This quiz has been taken 198 times
  • The average score is 48 of 54
Answers on the Map
Answers color-coded by a green-red scale on the quiz's map according to % correct below.
 
Answer Stats
Answer % Correct
Turkey
99%
Iran
98%
Japan
98%
Thailand
98%
United Arab Emirates
98%
United Kingdom
98%
Vietnam
98%
Bangladesh
97%
China
97%
France
97%
Germany
97%
Nepal
97%
Oman
97%
Russia
97%
United States
97%
Australia
96%
Bhutan
96%
Canada
96%
Italy
96%
Myanmar
96%
Saudi Arabia
96%
South Korea
96%
Sri Lanka
95%
Kazakhstan
93%
Malaysia
93%
Iraq
92%
Qatar
92%
Afghanistan
91%
Egypt
91%
Singapore
91%
Turkmenistan
91%
Uzbekistan
91%
Israel
89%
Maldives
89%
Tajikistan
89%
Poland
88%
Kuwait
86%
Bahrain
85%
Kyrgyzstan
85%
India
84%
Netherlands
84%
Taiwan
84%
Ethiopia
80%
Kenya
79%
Tanzania
76%
Switzerland
75%
Yemen
74%
Austria
73%
Denmark
73%
Mauritius
69%
Finland
68%
Georgia
68%
Seychelles
63%
Nigeria
58%
No matching quizzes found
Score Distribution
Percent of People with Each Score
Percentile by Number Answered
Your Score History
You have not taken this quiz